Countries with 7-11 - Statistics

General Stats
  • This quiz has been taken 55 times
  • The average score is 14 of 16
Answer Stats
Continent Country % Correct
North America United States of America
100%
Oceania Australia
98%
North America Canada
98%
Asia China
98%
Asia Japan
98%
North America Mexico
98%
Europe Denmark
92%
Asia Thailand
92%
Europe Sweden
90%
Europe Norway
88%
Asia South Korea
88%
Asia Vietnam
84%
Asia Malaysia
82%
Asia Taiwan
80%
Asia the Philippines
70%
Asia United Arab Emirates
66%
No matching quizzes found
Score Distribution
Percent of People with Each Score
Percentile by Number Answered
Your Score History
You have not taken this quiz